Bien lo sabéis y es profecía / J. V. Foix ; traducción de Juan Ramón Masoliver ; edición y prólogo de Jaume Ferran
Descripción Física:
169 p. ; 22 cm
Colección:
Marca Hispánica
MARC
| LEADER | 00000nam a2200000Ia 4500 | ||
|---|---|---|---|
| 001 | 2323 | ||
| 008 | 160829s1986 xx 000 0 cat d | ||
| 080 | |a L-1-85 | ||
| 100 | |a Foix, J. V. |9 20070 | ||
| 245 | |a Bien lo sabéis y es profecía / J. V. Foix ; traducción de Juan Ramón Masoliver ; edición y prólogo de Jaume Ferran | ||
| 260 | |a Barcelona : |b Edicions del Mall, |c 1986 | ||
| 300 | |a 169 p. ; |c 22 cm | ||
| 490 | |a Marca Hispánica | ||
| 590 | |a Edició bilingüe català - castellà. | ||
| 590 | |a Títol original: 'Ho sap tothom, i és profecia' | ||
| 700 | |a Masoliver, Juan Ramón, tr. |9 25827 | ||
| 700 | 1 | |a Ferran, Jaime |9 28818 | |
| 901 | |a Arxiu | ||
| 942 | |n 1 | ||
| 952 | |0 0 |1 0 |4 0 |6 L185 |7 1 |9 44949 |a Arxiu |b Arxiu |d 2016-12-01 |l 0 |o L-1-85 |p 2323 |r 2016-12-01 00:00:00 |w 2016-12-01 |y ARXIU | ||
| 999 | |c 47548 |d 47548 | ||